000 00353cam a2200145ua 4500
041 _aeng
_h
082 _a928.23
_bCHE/AP
100 _aCheckov, A.P .
245 _aA.P Checkov 1860-1960
_hTextual Documents
260 _aMoscow :
_bForeign Language Publishing House ,
_c1961.
300 _a166 ; .
504 _a
942 _cBK
999 _c5773
_d5773